canciones de estrella (Mora) - Estadísticas

Estadísticas generales
  • Esta prueba ha sido intentada 187 veces
  • La puntuación promedio es 11 de 15
Estadísticas de respuestas
Pista Cancion % Correcto
ft Saiko reina
95%
media luna
91%
donde se aprende a querer?
82%
ft Álvaro Díaz córcega
80%
ft Dei V diamonds
80%
ft Yandel polvora
78%
ft RaiNao pide
77%
ft RaiNao un deseo
77%
pasajero
73%
ft Arcángel laguna
69%
el chacal
67%
ayer y hoy
65%
fantasias
60%
marea
59%
lokita
57%
No se encontraron pruebas coincidentes
Distribución de puntuación
Porcentaje de gente con cada puntuación
Porcentaje por número respondido
Historial de tus puntuaciones
No has intentado esta prueba.